Fr. Conceicao Rodrigues College of Engineering

Dust Collection & Gas Cleaning (Record no. 28937)

MARC details
000 -LEADER
fixed length control field 00269nam a2200121Ia 4500
100 ## - MAIN ENTRY--PERSONAL NAME
Personal name Gordon /G.Peisakhov
245 ## - TITLE STATEMENT
Title Dust Collection & Gas Cleaning
260 ## - PUBLICATION, DISTRIBUTION, ETC.
Name of publisher, distributor, etc. Mir Publishers
Date of publication, distribution, etc. 1972
300 ## - PHYSICAL DESCRIPTION
Extent 463
546 ## - LANGUAGE NOTE
Language note ENGLISH
654 ## - SUBJECT ADDED ENTRY--FACETED TOPICAL TERMS
Focus term Gas Cleaning
942 ## - ADDED ENTRY ELEMENTS (KOHA)
Koha item type BOOK
Holdings
Withdrawn status Lost status Damaged status Not for loan Collection Home library Current library Date acquired Cost, normal purchase price Total Checkouts Full call number Barcode Date last seen Cost, replacement price Price effective from Koha item type
        AFT Fr. Agnel's C.Rodrigues College of Engineering Fr. Agnel's C.Rodrigues College of Engineering 17/03/2023 8.75   AFT1115 17/03/2023 8.75 17/03/2023 BOOK